Missing Word: Harry Potter Cast VI Quiz Stats

 Plays Quiz Updated Jun 16, 2018

Challenge
Share
Tweet
Embed
Score 0/24 Timer 03:00
0 Plays Today
Answer % Correct
Juliet
95.4%
Game
94.5%
Bridget
92.1%
Fire
92%
Ark
91%
Jane
90.6%
Hill
89.4%
Sensibility
87.8%
Fair
87.5%
Shop
86.7%
Sleepy
86.2%
Hawk
85.6%
Answer % Correct
Amazing
83.6%
Hot
73.3%
Golden
70.4%
Madame
70.3%
Stories
69%
Flash
68.3%
Innocence
52.9%
End
51%
War
47.6%
Knights
36.7%
Private
17.6%
Year
12.7%

Today's Daily Dose

You're not logged in!

Compare scores with friends on all Sporcle quizzes.
OR
Log In

You Might Also Like...

Show Comments

Extras

Top Quizzes Today


Score Distribution

Your Account Isn't Verified!

In order to create a playlist on Sporcle, you need to verify the email address you used during registration. Go to your Sporcle Settings to finish the process.

Report this User

Report this user for behavior that violates our Community Guidelines.

Details: